| 000 | 005240000a22001930004500 | ||
|---|---|---|---|
| 001 | 002868 | ||
| 003 | MACL | ||
| 005 | 20150707164245.0 | ||
| 008 | 150707b xxu||||| |||| 00| 0 eng d | ||
| 040 |
_aMACL _cMACL |
||
| 041 | _aEnglish | ||
| 082 | _a307/MAN | ||
| 100 |
_aMandal, Harishikesh _91328 |
||
| 245 |
_aIndia An Illustrated Atlas Of Scheduled Castes _cHarishikesh Mandal |
||
| 260 |
_aKolkata _c2005 _bAnthropological Servey Of India, |
||
| 350 | _a1200 | ||
| 650 |
_aSocial Science _91329 |
||
| 942 |
_k307 _cBK _2ddc |
||
| 999 |
_c14776 _d14776 |
||